LEADER 00964naa a2200229 u 4500 001 000000096264 003 CaOOAMICUS 005 20070226130145.0 008 040924s1985 gw u000 u ger u 020 $a3110105314 035 $a11008476 040 $aIAR$bita 100 1 $aWisniewski, Roswitha.$0(OLS)http://pul/name/61434 245 10$aChristliche Antworten auf den Islam in frühmittelalterlicher deutscher Dichtung /$cRoswitha Wisniewski. 260 $aBerlin :$bW. de Gruyter,$c1985. 300 $aS. 103-111, ;$c25 cm 773 0 $aOrientalische Kultur und europäisches Mittelalter. 773 0 $aMiscellanea mediaevalia.$g17 773 0 $tOrientalische Kultur und europäisches Mittelalter$w()2374 996 $6020$a3110105314$9(OLS)http://pul/number/3169 996 $6245$aChristliche Antworten auf den Islam in frühmittelalterlicher deutscher Dichtung$9(OLS)http://pul/title/123140 996 $6260$aBerlin :$bW. de Gruyter$9(OLS)http://pul/publisher/48032 LEADER 01137nam a2200289 u 4500 001 000000056299 003 CaOOAMICUS 005 20070226120447.0 008 010404s1981 nyu u000 u eng u 020 $a0912141026 035 $a10871159 040 $aPUL(R)$bita 100 1 $aMiceli, Vincent P.,$cS.I.$0(OLS)http://pul/name/39506 245 14$aThe Antichrist /$cby Vincent P. Miceli. 260 $aNew York :$bRoman Catholic Books,$c1981. 300 $a297 p. ;$c23 cm 500 $aContiene indice. 500 $aTit. della cop.: The Antichrist : has he launched his final campaign against the Savior? 504 $a"Selected bibliography": p. 283-292. 650 4$aDemonio e demonologia.$0(OLS)http://pul/subject/747 850 $aPUL 852 $aPUL$W1$xSL Religione 1$y3$m65 M 24$j73867$nBK-PRI$b $qStampati$B73867$CPULBib$Z2$F73867 $H $81 941 1 $a8 961 $aINV: 53961 996 $6020$a0912141026$9(OLS)http://pul/number/70940 996 $6245$aThe Antichrist$9(OLS)http://pul/title/75299 996 $6260$aNew York :$bRoman Catholic Books$9(OLS)http://pul/publisher/69191